[Event "Landesliga Sued9798"]
[Site "Bayern"]
[Date "1998.??.??"]
[Round "?"]
[White "Hartmann, Wolfram"]
[Black "Terzic, Safet"]
[Result "1-0"]
[WhiteElo "2190"]
[BlackElo "2355"]

1.e4 g6 2.d4 Bg7 3.Nc3 d6 4.f4 Nf6 5.Nf3 O-O 6.Be3 c6 7.Be2 b5 8.e5 Nd5 9.Nxd5 cxd5
10.O-O Bd7 11.Bd3 a6 12.Qe2 Nc6 13.c3 Rb8 14.Rae1 dxe5 15.fxe5 a5 16.Bf4 Rb7
17.Qf2 Bg4 18.Ng5 h6 19.Nxf7 Rxf7 20.Bxg6 e6 21.Qg3 Bf5 22.Bxh6 Qf8 23.Bxf7+ Rxf7
24.Bg5 b4 25.Bf6 a4 26.Bg5 a3 27.bxa3 bxa3 28.Rf4 Ne7 29.Bf6 Rxf6 30.exf6 Qxf6
31.Rb1 Kh7 32.Rb7 Ng6 33.Rf1 Kh6 34.h3 Bf8 35.Qe3+ Qg5 36.Rh7+ Kxh7 37.Qxg5 Bh6
38.Qg3 Bd2 39.Qc7+ Kh6 40.g4 Be4 41.Kh2 e5 42.dxe5 Bf4+ 43.Rxf4  1-0

[Event "Landesliga Sued9798"]
[Site "Bayern"]
[Date "1998.??.??"]
[Round "?"]
[White "Lochte, Thomas"]
[Black "Geberl, Hans"]
[Result "1-0"]
[WhiteElo "2140"]
[BlackElo "2115"]

1.e4 d6 2.d4 g6 3.Nc3 Bg7 4.Be3 a6 5.a4 Nf6 6.f3 Nbd7 7.Qd2 c5 8.d5 h6 9.Nge2 Ne5
10.Ng3 Qa5 11.Ra3 h5 12.h4 Nfd7 13.Nd1 Qc7 14.Nf2 Nf6 15.Be2 Bd7 16.O-O b6
17.b4 O-O 18.a5 b5 19.bxc5 dxc5 20.f4 b4 21.fxe5 bxa3 22.exf6 Bxf6 23.Bf4 Qb7
24.e5 Bxh4 25.Nge4 Bxf2+ 26.Kxf2 Qb2 27.d6 Bf5 28.dxe7 Bxe4 29.exf8=Q+ Rxf8
30.Bc4 Bxc2 31.Bh6 Bf5 32.Qxb2 axb2 33.Bxf8 Kxf8 34.Ba2 Bd3 35.Rd1 c4 36.Ke3 Bf5
37.Kd4 h4 38.Bb1 Bg4 39.Rd2  1-0

[Event "Oberliga Bayern9798"]
[Site "Bayern"]
[Date "1998.??.??"]
[Round "?"]
[White "Kraft, Volker"]
[Black "Lang, Zalan Andreas"]
[Result "1-0"]
[WhiteElo "2355"]
[BlackElo "2230"]

1.e4 g6 2.d4 Bg7 3.Nc3 d6 4.Bg5 c5 5.dxc5 Qa5 6.Qd2 Qxc5 7.Nd5 Be6 8.Be3 Qc8
9.Bd4 Nf6 10.Nxf6+ exf6 11.Qc3 Qd8 12.Bb5+ Ke7 13.O-O-O a6 14.Ba4 b5 15.Bb3 Nd7
16.Ne2 a5 17.Kb1 Qb8 18.Nf4 Rc8 19.Qe3 Qc7 20.Rd2 Ra6 21.h4 a4 22.Nd5+ Bxd5
23.Bxd5 h5 24.Rhd1 Nb6 25.Qf4 Nc4 26.Bxc4 Qxc4 27.Bc3 b4 28.Rd4 bxc3 29.Rxc4 Rxc4
30.Qf3 Rb6 31.b3 axb3 32.axb3 Rc5 33.Rd5 Rxb3+ 34.cxb3 c2+ 35.Kc1 Bh6+ 36.Rg5 fxg5
37.Qe3 f6 38.hxg5 Rxg5 39.g3 Ke6 40.f4 h4 41.gxh4 Rh5 42.Kxc2 Rxh4 43.b4 Bxf4
44.Qb3+ Ke7 45.b5 Be5 46.Qd5 Bh2 47.b6 Bg1 48.Qb7+ Ke6 49.Qc8+  1-0

[Event "Oberliga Bayern9798"]
[Site "Bayern"]
[Date "1998.??.??"]
[Round "?"]
[White "Hiermann, Dietmar"]
[Black "Mack, Wolfgang"]
[Result "1-0"]
[WhiteElo "2245"]
[BlackElo "2050"]

1.e4 g6 2.d4 Bg7 3.Nc3 d6 4.Be3 Nc6 5.Qd2 e5 6.Nge2 Nge7 7.d5 Nb8 8.O-O-O O-O
9.h4 f5 10.f4 Nd7 11.h5 exf4 12.Nxf4 Ne5 13.hxg6 hxg6 14.Be2 g5 15.Nh5 f4
16.Bd4 N7g6 17.Rdf1 c5 18.dxc6 bxc6 19.Nd1 Be6 20.a3 c5 21.Bc3 Bh8 22.Nf2 d5
23.Ba5 Qd7 24.g3 f3 25.Bd1 g4 26.Qh6 Rab8 27.Nf4 Bg7 28.Qh7+ Kf7 29.exd5 Nxf4
30.dxe6+ Nxe6 31.Bc3 Nd4 32.Qh5+ Kg8 33.Ne4 Qf5 34.Nxc5 Qxh5 35.Rxh5 Ne2+
36.Bxe2 fxe2 37.Rxf8+ Rxf8 38.Kd2 Nc4+ 39.Kxe2 Bxc3 40.bxc3 Nxa3 41.Rg5+ Kh7
42.Rxg4 Nxc2 43.Ra4 Rf7 44.Ne4 Re7 45.Kd2 Na3 46.Rxa3 Rxe4 47.Rxa7+ Kg6 48.Ra1 Rg4
49.Rf1 Rxg3 50.Kc2 Rg5 51.Kd3 Rd5+ 52.Ke4 Rc5 53.Kd4 Rc8 54.c4 Rd8+ 55.Kc5 Rc8+
56.Kd5 Rd8+ 57.Ke6 Rc8 58.Rg1+ Kh5 59.Rc1 Kg5 60.c5  1-0

[Event "Regionalliga SO9899"]
[Site "Bayern"]
[Date "1998.??.??"]
[Round "?"]
[White "Mittermeier, Josef"]
[Black "Benischek, Wolfgang"]
[Result "1-0"]
[WhiteElo "2010"]
[BlackElo "2025"]

1.e4 d6 2.d4 g6 3.Nc3 Bg7 4.Bc4 Nf6 5.Qe2 O-O 6.e5 dxe5 7.dxe5 Ng4 8.f4 Nc6
9.Nf3 Na5 10.Bd3 c5 11.Bd2 c4 12.Be4 Be6 13.h3 Nh6 14.g4 b5 15.Bxa8 Qxa8
16.Nxb5 Qb7 17.Bxa5 Qxb5 18.Bc3 Bd5 19.O-O e6 20.Kg2 Qc6 21.Kg3 Kh8 22.Ng5 Ng8
23.Bb4 f6 24.Bxf8 Bxf8 25.Nf7+ Kg7 26.Nd6 Bxd6 27.exd6 Qxd6 28.h4 h5 29.gxh5 Nh6
30.hxg6 Nf5+ 31.Kh3 Qc6 32.Rad1 Be4 33.h5 Nh6 34.Rd4 Bf5+ 35.Kh2 Ng4+ 36.Kg3 Qb6
37.Rd7+ Kg8 38.Rfd1  1-0

[Event "Regionalliga NW9798"]
[Site "Bayern"]
[Date "1998.??.??"]
[Round "?"]
[White "Schilling, Frank"]
[Black "Pfriem, Hanns"]
[Result "0-1"]
[WhiteElo "1845"]
[BlackElo "1980"]

1.e4 g6 2.d4 Bg7 3.Nc3 d6 4.f4 Nf6 5.Nf3 Nc6 6.Bd3 O-O 7.Be3 Ng4 8.Bg1 e5
9.fxe5 dxe5 10.d5 Nd4 11.h3 Nxf3+ 12.Qxf3 Qh4+ 13.g3 Qf6 14.Qxf6 Nxf6 15.Nb5 Ne8
16.Bc5 c6 17.Nc3 f5 18.Bxf8 Bxf8 19.O-O-O Nd6 20.Rde1 Bg7 21.dxc6 bxc6 22.Bf1 Bh6+
23.Kb1 Bd2 24.Rd1 Bxc3 25.Rxd6 Be1 26.Rd8+ Kg7 27.Ba6 Bxg3 28.Rxc8 Rxc8 29.Bxc8 fxe4
30.Kc1 e3 31.Kd1 Kf6 32.Ke2 Bf4 33.Rd1 h5 34.Rd6+ Kg5 35.Rxc6 Kh4 36.Rxg6 Bg5
37.Rxg5 Kxg5 38.Kxe3 a5 39.a4 e4 40.b4 axb4 41.a5 Kh4 42.a6 Kg3 43.a7 b3
44.cxb3  0-1

[Event "Regionalliga SW9798"]
[Site "Bayern"]
[Date "1998.??.??"]
[Round "?"]
[White "Englert, Jan"]
[Black "Wittal, Werner"]
[Result "1-0"]
[WhiteElo "1915"]
[BlackElo "1955"]

1.e4 g6 2.d4 Bg7 3.Nc3 d6 4.Bc4 c6 5.Nf3 Nf6 6.O-O b5 7.Bd3 b4 8.Ne2 O-O
9.Ng3 Re8 10.Bf4 Qb6 11.h3 Nbd7 12.Qd2 e5 13.Be3 c5 14.dxe5 dxe5 15.Bc4 Nf8
16.a3 bxa3 17.Rxa3 Be6 18.Rb3 Qc7 19.Qc3 Bxc4 20.Qxc4 Ne6 21.Ra1 Red8 22.Rb5 Bf8
23.Bg5 Nxg5 24.Nxg5 Rd4 25.Qb3 Rb4 26.Rxb4 cxb4 27.Ra6 Kg7 28.Qf3 Ne8 29.Nf5+ Kg8
30.Ne3 h6 31.Nd5 Qb7 32.Qb3 hxg5 33.Rxg6+ Bg7 34.Rxg5 a5 35.Qg3 f6 36.Rg6 Qf7
37.h4 Nd6 38.Nxf6+ Kf8 39.Nh7+ Ke8 40.Rxd6 Rd8 41.Ng5 Qc7 42.Re6+ Kf8 43.Rf6+ Kg8
44.Ne6 Rd1+ 45.Kh2 Qe7 46.Rg6  1-0

[Event "Landesliga Nord9798"]
[Site "Bayern"]
[Date "1998.??.??"]
[Round "?"]
[White "Link, Klaus"]
[Black "Oehrlein, Thomas"]
[Result "1-0"]
[WhiteElo "1975"]
[BlackElo "2135"]

1.e4 d6 2.d4 g6 3.Nc3 Bg7 4.Be3 Nf6 5.f3 O-O 6.Qd2 e5 7.O-O-O exd4 8.Bxd4 Nc6
9.Be3 Qe7 10.Bh6 Qe5 11.Bxg7 Kxg7 12.Nge2 Re8 13.Nd5 Nxd5 14.exd5 Nb8 15.Qc3 Na6
16.Qxe5+ Rxe5 17.Nc3 b6 18.Bb5 Bb7 19.Rhe1 Rd8 20.f4 Rxe1 21.Rxe1 Kf8 22.a3 Nb8
23.Bc4 a6 24.b4 Nd7 25.Ne4 Re8 26.Kd2 Kg7 27.Re3 h6 28.g4 Bc8 29.h4 f6 30.h5 g5
31.Nxd6 Rxe3 32.Nf5+ Kh7 33.Kxe3 Nf8 34.Bd3 Bxf5 35.Bxf5+ Kg7 36.Ke4 gxf4
37.Kxf4 Kf7 38.c4 Ke7 39.c5 bxc5 40.bxc5 a5 41.Ke4  1-0

[Event "Oberliga Bayern9899"]
[Site "Bayern"]
[Date "1998.??.??"]
[Round "?"]
[White "Wagner, Anselm"]
[Black "Pohl Kuemmel, Jens Uwe"]
[Result "1-0"]
[WhiteElo "2400"]
[BlackElo "2230"]

1.e4 d6 2.d4 g6 3.Nc3 Bg7 4.Nf3 Nf6 5.Be2 O-O 6.O-O Nc6 7.h3 e5 8.Be3 exd4
9.Nxd4 Bd7 10.Qd2 Re8 11.Bd3 a6 12.Nde2 b5 13.Bg5 Qb8 14.Ng3 Ne5 15.Qf4 Re6
16.Qh4 Ne8 17.f4 f6 18.Bh6 Bxh6 19.Qxh6 Nf7 20.Qh4 c6 21.Qg4 Re7 22.Qf3 Qb6+
23.Kh1 Ng7 24.Rad1 Rae8 25.h4 b4 26.Nce2 c5 27.h5 Be6 28.b3 Rf8 29.hxg6 hxg6
30.Qf2 Nh6 31.f5 gxf5 32.exf5 Bf7 33.Qf4 c4 34.Bxc4 Bxc4 35.Qxc4+ Nf7 36.Nf4 Rc7
37.Qe2 Re8 38.Qg4 Ne5 39.Qh4 Kf7 40.Ne4 Nd7 41.Nxd6+  1-0

[Event "Oberliga Bayern9899"]
[Site "Bayern"]
[Date "1998.??.??"]
[Round "?"]
[White "Delitzsch, Juergen"]
[Black "Pohl Kuemmel, Jens Uwe"]
[Result "1/2-1/2"]
[WhiteElo "2205"]
[BlackElo "2230"]

1.e4 d6 2.d4 g6 3.Nc3 Bg7 4.h4 h5 5.Bc4 c6 6.Bb3 Nf6 7.Nh3 Bxh3 8.Rxh3 Nbd7
9.Qe2 e5 10.dxe5 dxe5 11.Be3 Qe7 12.O-O-O O-O 13.f3 Nc5 14.g4 Rfd8 15.Rg1 Ne6
16.Qg2 Rd6 17.Rg3 hxg4 18.fxg4  1/2-1/2

[Event "Oberliga Bayern9798"]
[Site "Bayern"]
[Date "1998.??.??"]
[Round "?"]
[White "Bredl, Harald"]
[Black "Kaiser, Wolfgang"]
[Result "1-0"]
[WhiteElo "2240"]
[BlackElo "2355"]

1.d4 d6 2.e4 g6 3.Nc3 Bg7 4.f4 c6 5.Nf3 Bg4 6.Be3 Qb6 7.Qd2 Bxf3 8.gxf3 Qa5
9.Bd3 Qh5 10.O-O-O Qa5 11.e5 d5 12.f5 gxf5 13.Rdg1 Bf8 14.Bxf5 e6 15.Bxh7 Ne7
16.Bd3 Nd7 17.Kb1 Qc7 18.Bg5 a6 19.f4 O-O-O 20.Ne2 c5 21.c3 Re8 22.h4 Qb6
23.h5 Nc6 24.dxc5 Bxc5 25.Rg3 Be7 26.h6 f5 27.exf6 Bxf6 28.Qe3 Qd8 29.Nd4 Nxd4
30.cxd4 Nf8 31.Rc1+ Kb8 32.Bxa6 bxa6 33.Qb3+ Ka8 34.Bxf6 Qxf6 35.Qb6 Qf5+
36.Ka1 Qxf4 37.Qxa6+ Kb8 38.Rb3+  1-0

[Event "Landesliga Sued9798"]
[Site "Bayern"]
[Date "1998.??.??"]
[Round "?"]
[White "Schmidt, Wolfgang"]
[Black "Terzic, Safet"]
[Result "1-0"]
[WhiteElo "2355"]
[BlackElo "2350"]

1.e4 g6 2.d4 Bg7 3.Nc3 d6 4.f4 Nf6 5.Nf3 O-O 6.Bd3 Na6 7.O-O c5 8.d5 Nc7
9.Qe1 Rb8 10.a4 b6 11.Qh4 a6 12.f5 b5 13.axb5 axb5 14.Bh6 c4 15.Be2 Bxh6
16.Qxh6 b4 17.Ng5 Bxf5 18.Nd1 Ncxd5 19.exf5 Qb6+ 20.Kh1 Qd4 21.c3 bxc3 22.bxc3 Qd2
23.Bxc4 Nf4  1-0

[Event "JUG-ch53"]
[Site "Belgrade "]
[Date "1998.??.??"]
[Round "13"]
[White "Petronic, Jovan"]
[Black "Barlov, Dragan"]
[Result "0-1"]
[WhiteElo "2450"]
[BlackElo "2490"]

1.d4 d6 2.e4 g6 3.Nc3 Bg7 4.f4 c6 5.Nf3 Qb6 6.a4 a5 7.Ra3 Bg4 8.Rb3 Qc7 9.Be3 Na6
10.Bc4 e6 11.O-O Ne7 12.Qd2 Bxf3 13.Rxf3 d5 14.Bf1 dxe4 15.Nxe4 Nb4 16.Bf2 O-O
17.Rh3 Rfd8 18.Rbf3 c5 19.c3 Nbc6 20.Bh4 Nxd4 21.cxd4 Rxd4 22.Qe1 Nd5 23.b3 h6
24.Kh1 Nxf4 25.Bg3 e5 26.Bxf4 exf4 27.Nc3 Qd7 28.Rd3 Re8 29.Qd1 Qf5 30.Ne2 Rde4
31.Rd8 Rxd8 32.Qxd8+ Kh7 33.Rd3 c4 34.Rd5 Qe6 35.Rd6 Qf5 36.Rd5 Qe6 37.Rd6 Qe5
38.Rd5 Qb2 39.bxc4 Rxe2 40.Bxe2 Qxe2 41.Rd1 f3 42.gxf3 Be5 43.Kg1 Bxh2+ 44.Kh1 Bf4
45.Kg1 Qh2+ 46.Kf1 Be3 47.Qxa5 Qf2+  0-1

[Event "JUG-ch51 (Women)"]
[Site "Belgrade"]
[Date "1998.??.??"]
[Round "3"]
[White "Nikolin, Zorica"]
[Black "Petrovic, Marija"]
[Result "0-1"]
[WhiteElo "2245"]
[BlackElo "2265"]

1.e4 g6 2.d4 Bg7 3.Nc3 d6 4.Nge2 Nd7 5.g3 c6 6.a4 Ngf6 7.Bg2 O-O 8.h3 e5
9.O-O Re8 10.Bg5 h6 11.Be3 exd4 12.Bxd4 b6 13.f4 Ba6 14.Re1 Qc7 15.Bf2 Rad8
16.Nd4 Bb7 17.Qd2 Nf8 18.Rad1 a6 19.Nb3 b5 20.axb5 axb5 21.Qc1 Ba8 22.Nb1 N8d7
23.Qd2 Nb6 24.Qa5 Nfd7 25.e5 dxe5 26.Rxd7 Qxd7 27.Bxb6 Rc8 28.Nc3 exf4 29.Rd1 Qf5
30.Rf1 Qxc2 31.Nd4 Qd2 32.Nf3 Qxb2 33.Nd1 Qb3 34.gxf4 c5 35.Qd2 b4 36.Qc1 Re2
37.Rf2 Bxf3 38.Rxf3 Re1+ 39.Rf1 Bd4+ 40.Kh2 Rce8 41.Qd2 R1e2  0-1

[Event "JUG-ch51 (Women)"]
[Site "Belgrade"]
[Date "1998.??.??"]
[Round "8"]
[White "Todorovic, Violeta"]
[Black "Petrovic, Marija"]
[Result "0-1"]
[WhiteElo "2115"]
[BlackElo "2265"]

1.e4 g6 2.d4 Bg7 3.Nc3 d6 4.f4 Nc6 5.Nf3 Bg4 6.d5 Nd4 7.Be3 c5 8.Be2 Nxe2
9.Qxe2 Qa5 10.Bd2 Qa6 11.Nb5 Qb6 12.O-O-O Bd7 13.Nc3 Qa6 14.Qxa6 bxa6 15.e5 Rb8
16.Rhe1 dxe5 17.fxe5 Nh6 18.e6 fxe6 19.Bf4 Rb6 20.Be5 O-O 21.Bxg7 Kxg7 22.dxe6 Bc6
23.Ne5 Rf2 24.Nxc6 Rxc6 25.Rd7 Nf5 26.g4 Nd4 27.Rxe7+ Kf8 28.Nd5 Rxc2+ 29.Kb1 Rf2
30.h4 Rd6 31.Rxh7 Rxe6 32.Rxe6 Rf1+  0-1

[Event "Berliner Sommer 16th"]
[Site "Berlin"]
[Date "1998.??.??"]
[Round "3"]
[White "Suarez Pousa, Diego"]
[Black "Allgaier, Erik"]
[Result "1-0"]
[WhiteElo "2345"]
[BlackElo "2075"]

1.e4 g6 2.d4 Bg7 3.Nc3 d6 4.f4 f5 5.e5 Nh6 6.Nf3 d5 7.Bd3 Nc6 8.O-O e6 9.b3 O-O
10.Na4 Bd7 11.Nc5 b6 12.Nxd7 Qxd7 13.c4 dxc4 14.Bxc4 Rfd8 15.Bb2 Nb4 16.Qe2 c6
17.Ng5 Nd5 18.Rac1 Ng4 19.h3 Nge3 20.Qxe3 Nxe3 21.Bxe6+ Qxe6 22.Nxe6 Nxf1
23.Nxd8 Ng3 24.Nxc6 Ne2+ 25.Kf2 Nxf4 26.Rc2 Nd5 27.Ba3 Kf7 28.Nb4 Ne7 29.Rc7 Ke8
30.Na6 Bf8 31.Bxe7 Bxe7 32.d5 h5 33.d6 Bg5 34.Rh7  1-0

[Event "Berliner Sommer 16th"]
[Site "Berlin"]
[Date "1998.??.??"]
[Round "6"]
[White "Purtov, Andrei"]
[Black "Rudolf, Henrik"]
[Result "1-0"]
[WhiteElo "2445"]
[BlackElo "2325"]

1.e4 g6 2.d4 Bg7 3.Nc3 d6 4.h3 Nf6 5.g3 O-O 6.Bg2 e5 7.Nge2 exd4 8.Nxd4 Bd7
9.O-O Nc6 10.Nb3 Re8 11.Bf4 h6 12.Qd2 g5 13.Be3 Ne5 14.Qe2 Be6 15.Qd1 Nc4
16.Bc1 Qd7 17.Kh2 c5 18.f4 gxf4 19.gxf4 Qc7 20.Qd3 Rad8 21.Qg3 Bd7 22.Nd2 Nxd2
23.Bxd2 Bc6 24.Rg1 Kh7 25.Rae1 Rg8 26.Qd3 Kh8 27.Bf3 a6 28.Rg3 b5 29.Reg1 Rde8
30.Nd5 Bxd5 31.exd5 Qe7 32.b3 Nh7 33.Re1 Qf6 34.Be4 Nf8 35.Reg1 Ng6 36.Bxg6 fxg6
37.Rxg6 Qe7 38.Rxg7 Rxg7 39.Bc3 Qe2+ 40.Qxe2 Rxe2+ 41.Kh1 Re7 42.Rxg7 Rxg7
43.Kh2 Kh7 44.Bxg7 Kxg7 45.Kg3 c4 46.bxc4 bxc4 47.Kf3 Kg6 48.Ke4 Kf6 49.Kd4 Kf5
50.Kxc4 Kxf4 51.Kd4 Kg3 52.c4 Kxh3 53.c5  1-0

[Event "Berliner Sommer 16th"]
[Site "Berlin"]
[Date "1998.??.??"]
[Round "7"]
[White "Lorenz, Sascha"]
[Black "Chernikov, Oleg L"]
[Result "0-1"]
[WhiteElo "2280"]
[BlackElo "2405"]

1.d4 g6 2.e4 Bg7 3.Nc3 d6 4.g3 Nc6 5.d5 Nb8 6.Bg2 Nf6 7.f4 c6 8.Nf3 Qb6 9.Qe2 O-O
10.Qe3 Nbd7 11.O-O Ng4 12.Qxb6 Nxb6 13.h3 Nf6 14.dxc6 bxc6 15.Rb1 Rb8 16.Ne1 Nfd7
17.Rf3 d5 18.b3 d4 19.Nd1 c5 20.Nf2 Na4 21.Bd2 c4 22.Bf1 c3 23.Bc1 Nac5 24.Ba3 Bb7
25.Bb5 f5 26.Bc4+ Kh8 27.e5 Bxf3 28.Nxf3 Nb6 29.Bxc5 Nxc4 30.Bxa7 Ra8 31.Bxd4 Na3
32.Rd1 Nxc2 33.Bxc3 Rxa2 34.Rd7 Rc8 35.Rd3 h6 36.g4 e6 37.Nd1 Bf8 38.Nh4 Bc5+
39.Kf1 g5 40.fxg5 hxg5 41.Nf3 fxg4 42.Nd2 Rf8+ 43.Ke2 Nb4 44.Bxb4 Bxb4 45.hxg4 Kg7
46.Ne3 Bxd2 47.Rxd2 Rf2+ 48.Kxf2 Rxd2+ 49.Kf3 Rd3 50.Ke4 Rxb3 51.Nc2 Rg3
52.Ne3 Kf7 53.Kd4 Ke7 54.Kd3 Kd7 55.Kd4 Kc6  0-1

[Event "Berliner Sommer 16th"]
[Site "Berlin"]
[Date "1998.??.??"]
[Round "8"]
[White "Gross, David"]
[Black "Rudolf, Henrik"]
[Result "1/2-1/2"]
[WhiteElo "2435"]
[BlackElo "2325"]

1.e4 g6 2.d4 Bg7 3.Nc3 d6 4.Be3 a6 5.Qd2 Nd7 6.f3 b5 7.Nh3 Bb7 8.a4 b4 9.Nd1 c5
10.c3 bxc3 11.bxc3 Qa5 12.Be2 Ngf6 13.Nhf2 O-O 14.O-O e6 15.Nb2 Nb6 16.Rfd1  1/2-1/2

[Event "Besancon"]
[Site "Besancon"]
[Date "1998.??.??"]
[Round "8"]
[White "Sermier, Guillaume"]
[Black "Lupu, Mircea Sergiu"]
[Result "0-1"]
[WhiteElo "2330"]
[BlackElo "2505"]

1.e4 g6 2.d4 Bg7 3.Nc3 d6 4.Be3 a6 5.Qd2 b5 6.f3 Nd7 7.g4 Bb7 8.O-O-O h5
9.gxh5 Rxh5 10.Nge2 Ngf6 11.Ng3 Rh7 12.h4 c6 13.Bg2 Qa5 14.Kb1 Nb6 15.b3 b4
16.Nce2 c5 17.c4 bxc3 18.Qxc3 Qxc3 19.Nxc3 cxd4 20.Bxd4 Nbd7 21.Bf1 Rc8 22.Kb2 e6
23.Be2 Ke7 24.Rh3 Bh6 25.Rdh1 Bf4 26.Nf1 Rch8 27.Be3 Bxe3 28.Nxe3 g5 29.Ng2 Ne5
30.Na4 g4 31.fxg4 Nfxg4 32.Rc1 Bxe4 33.Rg3 Bxg2 34.Rxg2 Rxh4 35.Bxa6 f5 36.Nc3 d5
37.a4 f4 38.Bb5 f3 39.Rg3 f2 40.a5 Rh1 41.Rxh1 Rxh1  0-1

[Event "Besancon"]
[Site "Besancon"]
[Date "1998.??.??"]
[Round "9"]
[White "Marzolo, Cyril"]
[Black "Claverie, Christophe"]
[Result "1/2-1/2"]
[WhiteElo "2355"]
[BlackElo "2275"]

1.d4 d6 2.e4 g6 3.Nc3 Bg7 4.Be3 Nf6 5.f3 O-O 6.Qd2 e5 7.Nge2 Nc6 8.d5 Ne7
9.g4 c5 10.Ng3 Bd7 11.h4 Nc8 12.h5 Qe7 13.Bg5 Rb8 14.h6 Bh8 15.Qh2 Nxg4 16.Bxe7 Nxh2
17.Bxf8 Nxf3+ 18.Kf2 Nd4 19.Bg7 Bxg7 20.hxg7 Nxc2 21.Rc1 Nd4 22.Bh3 Nb6 23.Rcg1 Re8
24.Rg2 Bxh3 25.Rxh3 Nd7 26.Nce2  1/2-1/2

[Event "Biel op"]
[Site "Biel"]
[Date "1998.??.??"]
[Round "6"]
[White "Barthel, Ansgar"]
[Black "Gurieli, Nino"]
[Result "1/2-1/2"]
[WhiteElo "2185"]
[BlackElo "2385"]

1.e4 g6 2.d4 Bg7 3.Nc3 d6 4.Be3 a6 5.Qd2 b5 6.f3 Nd7 7.O-O-O Nb6 8.b3 b4
9.Nce2 a5 10.Kb1 Ba6 11.g4 Nf6 12.Bh6 Bxh6 13.Qxh6 Qb8 14.g5 Nfd7 15.h4 a4
16.h5 axb3 17.cxb3 Qa7 18.Nc1 Bxf1 19.Rxf1 gxh5 20.Qg7 Rf8 21.Rxh5 c5 22.dxc5 Nxc5
23.Qd4 Nbd7 24.Rxh7 Ne5 25.Rd1 Qa5 26.Qd5 Ne6 27.g6 Nxg6 28.Qc6+ Kd8 29.Rh5 Qa7
30.Rb5 Rc8 31.Qb6+ Qxb6 32.Rxb6 Ne5 33.Rxb4 Rg8 34.Rb5 Ke8 35.Rbd5 Rg3 36.Nce2 Rg2
37.R5d2 Rf2 38.Nd4 Rxd2 39.Rxd2 Nxd4 40.Rxd4 Rc3 41.Kb2 Re3 42.Kc2 Nxf3 43.Nxf3 Rxf3
44.a4 Kd7 45.e5 Rf5 46.exd6 Rc5+ 47.Kd2 e5 48.Rd3 f5 49.b4 Rc6 50.b5 Rxd6
51.a5 e4 52.Rxd6+ Kxd6 53.a6  1/2-1/2

[Event "Biel"]
[Site "Biel"]
[Date "1998.??.??"]
[Round "9"]
[White "Marciano, David"]
[Black "Hickl, Joerg"]
[Result "0-1"]
[WhiteElo "2485"]
[BlackElo "2555"]

1.e4 g6 2.d4 d6 3.Nc3 Bg7 4.Be3 a6 5.f4 b5 6.Be2 b4 7.Nb1 Nd7 8.e5 Bb7 9.Bf3 Qc8
10.Bxb7 Qxb7 11.Qf3 Rb8 12.Nd2 Nh6 13.Nc4 Qb5 14.b3 Nf5 15.Bf2 h5 16.Ne2 c5
17.O-O O-O 18.a4 bxa3 19.Rxa3 cxd4 20.Ra5 Qb4 21.Nxd4 Nxd4 22.Bxd4 dxe5 23.fxe5 Rbd8
24.Qe4 Kh7 25.Rxa6 Nc5 26.Bxc5 Qxc5+ 27.Kh1 Rd4 28.Ra5 Qxc4  0-1

[Event "Bled op"]
[Site "Bled"]
[Date "1998.??.??"]
[Round "2"]
[White "Sermek, Drazen"]
[Black "Loncar, Robert"]
[Result "1-0"]
[WhiteElo "2510"]
[BlackElo "2405"]

1.e4 d6 2.d4 g6 3.Nc3 Bg7 4.Bg5 c6 5.Qd2 b5 6.f4 b4 7.Nce2 Nf6 8.Ng3 Qb6
9.Nf3 d5 10.Bd3 dxe4 11.Nxe4 Nxe4 12.Bxe4 Bg4 13.Ne5 Be6 14.d5 Bxe5 15.fxe5 cxd5
16.Bxd5 Bxd5 17.Qxd5 Nc6 18.e6 fxe6 19.Qxe6 Rd8 20.Rd1 Qc5 21.Be3 Qxc2 22.Rc1 Nd4
23.Rxc2 Nxe6 24.Rc6 Rd6 25.Rc8+ Nd8 26.O-O Rf8 27.Re1 Rf5 28.Bc5 Rd7 29.Bxb4 Kf7
30.Rc2 e6 31.h3 h5 32.Rc8 a5 33.Bc3 Nb7 34.Rh8 Nd8 35.g4 hxg4 36.hxg4 Rf4
37.Kh2 Rd3 38.Re2 Rff3 39.g5 Nc6 40.Rh7+ Kg8 41.Rg7+ Kf8 42.Rxg6 Rh3+ 43.Kg2 Nb4
44.Rf6+ Kg8 45.Ref2 Rhg3+ 46.Kf1 e5 47.Rg6+ Kh7 48.Rh6+ Kg8 49.Bxe5 Rgf3
50.g6 Rd1+ 51.Ke2 Rxf2+ 52.Kxd1 Kf8 53.g7+ Kf7 54.Rh8 Rg2 55.Rf8+ Ke6 56.g8=Q+ Rxg8
57.Rxg8  1-0

[Event "Bled op"]
[Site "Bled"]
[Date "1998.??.??"]
[Round "4"]
[White "Pavasovic, Dusko"]
[Black "Loncar, Robert"]
[Result "0-1"]
[WhiteElo "2505"]
[BlackElo "2405"]

1.e4 d6 2.d4 g6 3.Nc3 Bg7 4.Bg5 c6 5.Qd2 b5 6.f4 b4 7.Nce2 Qb6 8.Nf3 Bg4
9.Neg1 Nf6 10.Bd3 O-O 11.h3 Bxf3 12.Nxf3 d5 13.Bxf6 exf6 14.O-O-O dxe4 15.Bxe4 f5
16.Bd3 c5 17.g4 Nc6 18.gxf5 Rad8 19.Qg2 Nxd4 20.Ne5 Qf6 21.Ng4 Qd6 22.Ne5 Bxe5
23.fxe5 Qxe5 24.fxg6 hxg6 25.h4 Qd5 26.Qg4 Qxa2 27.h5 Qa1+ 28.Kd2 Qxb2 29.hxg6 Qc3+
30.Ke3 Nxc2+ 31.Ke2 Rde8+ 32.Kf2 fxg6+ 33.Kg3 Qe5+  0-1

[Event "Bled op"]
[Site "Bled"]
[Date "1998.??.??"]
[Round "6"]
[White "Samaritani, Fabio"]
[Black "Kljako, Damir"]
[Result "0-1"]
[WhiteElo "2310"]
[BlackElo "2225"]

1.e4 d6 2.d4 g6 3.Nc3 Bg7 4.f4 Nc6 5.Be3 e6 6.Nf3 d5 7.e5 Nge7 8.Bd3 a6 9.Qd2 b6
10.O-O h5 11.Ne2 Bb7 12.b3 Qd7 13.Bf2 Nf5 14.a4 Na5 15.Nh4 Rc8 16.Nxf5 gxf5
17.Bh4 c5 18.dxc5 Rxc5 19.Bf2 Rc6 20.Nd4 Rc7 21.Qb4 Nc6 22.Qxb6 Nxd4 23.Bxd4 Rc6
24.Qb4 Bf8 25.Qd2 Bc5 26.Qe3 Qc7 27.Rab1 Rg8 28.Rf3 h4 29.b4 Bxd4 30.Qxd4 Rxc2
31.Bf1 Rcxg2+ 32.Bxg2 Qc2  0-1

[Event "Bled op"]
[Site "Bled"]
[Date "1998.??.??"]
[Round "6"]
[White "Skok, Joze"]
[Black "Feichter, Clemens"]
[Result "1-0"]
[WhiteElo "2145"]
[BlackElo "2240"]

1.e4 g6 2.d4 Bg7 3.Nc3 d6 4.Bc4 c6 5.a4 e6 6.Nf3 d5 7.Bb3 b6 8.O-O Ne7 9.Re1 O-O
10.Bg5 f6 11.Be3 Na6 12.Qd2 Re8 13.Rad1 Bb7 14.Bh6 Nc7 15.Bxg7 Kxg7 16.e5 f5
17.Qf4 h6 18.h4 Rf8 19.Re3 Kh7 20.Ne2 Ba6 21.c3 Bxe2 22.Rxe2 Qe8 23.Bc2 c5
24.Re3 c4 25.Nh2 b5 26.a5 Rb8 27.Rh3 b4 28.g4 fxg4 29.Qxg4 Nf5 30.Kh1 bxc3
31.bxc3 h5 32.Qg5 Qe7 33.Qg2 Rg8 34.Nf3 Rb2 35.Rc1 Nb5 36.Kh2 Na3 37.Ng5+ Kh6
38.Bxf5 exf5 39.Rf1 Qc7 40.Qxd5 Rf8 41.Qf3 Re8 42.Qf4 Qxa5 43.Rg3 Kg7 44.Ne4  1-0

[Event "Bled op-B"]
[Site "Bled"]
[Date "1998.??.??"]
[Round "7"]
[White "Kosec, Tina"]
[Black "Winkler, Wolfgang"]
[Result "1/2-1/2"]
[WhiteElo "2055"]
[BlackElo "2000"]

1.e4 d6 2.d4 g6 3.Nc3 Bg7 4.Be3 Nf6 5.f3 Nbd7 6.Qd2 e5 7.O-O-O a6 8.g4 b5
9.h4 Bb7 10.d5 Nb6 11.Bh6 Bxh6 12.Qxh6 Ng8 13.Qd2 h5  1/2-1/2

[Event "Cupa Dinamo"]
[Site "Brasov"]
[Date "1998.??.??"]
[Round "6"]
[White "Nevednichy, Vladislav"]
[Black "Badea, Bela"]
[Result "1/2-1/2"]
[WhiteElo "2550"]
[BlackElo "2545"]

1.e4 g6 2.d4 Bg7 3.Nc3 d6 4.Nf3 Nf6 5.Be2 O-O 6.O-O c6 7.Re1 Nbd7 8.e5 dxe5
9.dxe5 Ng4 10.e6 fxe6 11.h3 Ngf6 12.Bc4 Nd5 13.Ne4 N7b6 14.Bb3 Nc7 15.Qe2 Nbd5
16.Bg5 h6 17.Bd2 b6 18.Rad1 Qe8 19.c4 Nf4 20.Bxf4 Rxf4 21.Ng3 c5 22.Bc2 Bb7
23.Ne5 Rf5 24.Nxf5 exf5 25.Qd2 Ne6 26.Qd7 Qxd7 27.Rxd7 Bc8 28.Rxe7 Nd4 29.Re8+ Kh7
30.Ba4 a6 31.Bd7 Bb7 32.Re7 Be4 33.f3 Bc2 34.f4 Rd8 35.h4 Be4 36.Re3 Kg8
37.Be6+ Nxe6 38.Rxe6 g5 39.hxg5 hxg5 40.Rg3 g4 41.Rxb6 Rd2 42.Rxa6 Rxb2 43.Kh2 Rc2
44.a4 Bxe5 45.fxe5 Kf7 46.a5 Ke7 47.Rf6 Rxc4 48.Ra3 Rc2 49.Kg3 Rxg2+ 50.Kh4 Rh2+
51.Kg5 c4 52.a6 Rh8 53.a7 Rc8 54.Rc3 Ra8 55.Rh6 Bd5 56.Rh7+ Bf7 57.Rxc4 Rxa7
58.Rc6 Kf8 59.Rc8+ Ke7 60.Kxf5 g3 61.Rc3 Kf8 62.Rh8+ Kg7 63.Rh4 Bg6+ 64.Ke6 Ra6+
65.Ke7 Ra7+ 66.Kd6 Ra6+ 67.Rc6 Rxc6+ 68.Kxc6 Bf5 69.Rd4 Kg6 70.Kd6 Kg5 71.e6 g2  1/2-1/2

[Event "Cupa Dinamo"]
[Site "Brasov"]
[Date "1998.??.??"]
[Round "11"]
[White "Chernov, Vadim"]
[Black "Moldovan, Daniel"]
[Result "0-1"]
[WhiteElo "2405"]
[BlackElo "2420"]

1.e4 g6 2.d4 Bg7 3.Nc3 d6 4.f4 a6 5.Nf3 b5 6.Bd3 Nd7 7.e5 e6 8.Ne4 Nb6 9.O-O Ne7
10.Qe1 Bb7 11.Nf6+ Bxf6 12.exf6 Nf5 13.g4 Bxf3 14.gxf5 Bd5 15.fxe6 fxe6 16.Qh4 O-O
17.f5 exf5 18.Bg5 Qd7 19.Rae1 Rae8 20.Qh6 Qf7 21.Re7 Rxe7 22.fxe7 Re8 23.b3 Nc8
24.a4 c6 25.axb5 axb5 26.Ra1 Qe6 27.Kf2 Be4 28.Bxe4 fxe4 29.Ra8 Qf7+ 30.Ke2 Nxe7
31.Ra7 Qf3+ 32.Kd2 Qf2+ 33.Kc1 Qg1+  0-1

[Event "Doprastav op"]
[Site "Bratislava"]
[Date "1998.??.??"]
[Round "1"]
[White "Novak, Ivan"]
[Black "Kubon, Kamil"]
[Result "1/2-1/2"]
[WhiteElo "2350"]
[BlackElo "1810"]

1.e4 d6 2.d4 g6 3.Nc3 Bg7 4.f4 Nf6 5.Nf3 O-O 6.Bd3 Na6 7.O-O c5 8.h3 cxd4
9.Nxd4 Nc5 10.Be3 a6 11.g4 e5 12.fxe5 dxe5 13.Nf3 Qd6 14.Qd2 b5 15.Qf2 Nxd3
16.cxd3 Nd7 17.Rad1 b4 18.Na4 Bb7 19.Nc5 Bc6 20.Nd2 Rac8 21.Nc4 Qe7 22.Nxd7 Bxd7
23.Nb6 Rc6 24.Rc1 Rb8 25.Nd5 Qe6 26.Bc5 Bf8 27.Bxf8 Rxf8 28.Rxc6 Bxc6 29.Nxb4 a5
30.Nxc6 Qxc6 31.b3 Qc7 32.Qd2 Rc8 33.Kg2 Qc5 34.Qf2 Qc7 35.Qd2 Qc5 36.Qf2 Qc7
37.Qb2 Qc5 38.Qf2 Qc7 39.Qd2  1/2-1/2